| 000 | 00458cam a22001337a 4500 | ||
|---|---|---|---|
| 008 | 180718b1978 xxu||||| |||| 00| 0 eng d | ||
| 082 | _aAPPPA 77-78 BAV | ||
| 100 | _aBava, Noorjahan | ||
| 245 |
_aEvaluation of SFDA programmes with reference to farmers' participation _cby Noorjahan Bava |
||
| 260 |
_aNew Delhi _bIndian Institute of Public Administration _c1978 |
||
| 300 | _a117p. | ||
| 650 | _aFarmers' participation | ||
| 650 | _aEvaluation-SFDA programmes | ||
| 999 |
_c501175 _d501175 |
||